000 00404nam a22001457a 4500
999 _c892
_d892
008 191230b ||||| |||| 00| 0 eng d
082 0 0 _a621.4
_bD5541
100 _9458
_aDicksee, C. B.
245 1 0 _a(The) High speed compression ignition engines
_cC B Dicksee
260 _aLondon
_bBlackie & Sons Ltd
_c1944
300 _axii,311p.
365 _b13.11
650 0 _aInternal Combustion Engines
942 _cBK